1139 1307 1741 1904 1314 1157 1318 1504 1257 1855 1749 1558 1377 1366 1816 1891 1077 1389 1245 1452 1340 1745 1704 1141 1927 1317 1004 1726 1251 1896 1053 1021 1984 1949 1703 1790 1010 1701 1784 1676 1839 1386 1869 1224 1203 1187 1907 1386 1620 1120 1736 1366 1444 1460 1910 1938 1128 1592 1435 1117 1937 1894 1514 1735 1616 1457 1765 1098 1891 1436 1695 1550 1698 1821 1959 1770 1242 1739 1945 1890 1329 1913 1170 1303 1569 1861 1113 1086 1552 1943 1845 1406 1377 1844 1619 1883 1080 1042 1806 BCNSPRNW ULIB Ver.6.0+V

เปลี่ยนเป็นภาษาไทย

Change to English
 แสดงรายละเอียดบรรณานุกรม
  กลับหน้าหลัก

Brief Record : Get Marc (ISO 2709) : E-mail record : QR code < ปิดหน้าต่าง
LEADER : 00000nam 2200000uu 4500
001    13399124726
003     ULIB
008    160208s2558||||th 000 0 tha d
060  4 QV38^bค161
110 1  คณะกรรมการ เภสัชกรรมและการบำบัด โรงพยาบาลสวรรค์ประชารักษ์
245 00 คู่มือการใช้ยา ที่มีความเสี่ยงสูง/^cคณะกรรมการ เภสัชกรรมและการบำบัด โรงพยาบาลสวรรค์ประชารักษ์
246 0  High alert medications
260    นครสวรรค์: ^bโรงพยาบาลสวรรค์ประชารักษ์ นครสวรรค์,^c 2558
300    79 หน้า
650  7 ยาที่มีความเสี่ยงสูง
650  7 High alert medications
710 1  คณะกรรมการ เภสัชกรรมและการบำบัด โรงพยาบาลสวรรค์ประชารักษ์
945    ^p0^l0^i000280
945    ^p0^l0^i000281
945    ^p0^l0^i000282
945    ^p0^l0^i000283
999    ^aเกษร โพธิ์สุวรรณ
รายการนี้ยังไม่มีแท็ก
คุณยังไม่ได้ล็อกอิน คุณสามารถมีกิจกรรมร่วมกับเว็บไซต์ได้ แต่ต้องล็อกอินก่อน ::
  ล็อกอิน

รายการสื่อสารสนเทศ

ลำดับที่ ประเภท เลขเรียก/บาร์โค้ด สถานที่ สถานะ
1. วิทยาศาสตร์การแพทย์ และสุขภาพ
วิทยาศาสตร์การแพทย์ และสุขภาพ
สถานะ=หนังสือเก่า
QV38 ค161 ฉ.1 
  Barcode: 000280
ห้องสมุดวิทยาเขตสวรรค์ประชารักษ์
►ส่วนจัดเก็บหนังสือเก่า สปร
บนชั้น
  ขอยืม
Note:ฉบับถ่ายสำเนา
2. วิทยาศาสตร์การแพทย์ และสุขภาพ
วิทยาศาสตร์การแพทย์ และสุขภาพ
สถานะ=หนังสือเก่า
QV38 ค161 ฉ.2 
  Barcode: 000281
ห้องสมุดวิทยาเขตสวรรค์ประชารักษ์
►ส่วนจัดเก็บหนังสือเก่า สปร
บนชั้น
  ขอยืม
Note:ฉบับถ่ายสำเนา
3. วิทยาศาสตร์การแพทย์ และสุขภาพ
วิทยาศาสตร์การแพทย์ และสุขภาพ
สถานะ=หนังสือเก่า
QV38 ค161 ฉ.3 
  Barcode: 000282
ห้องสมุดวิทยาเขตสวรรค์ประชารักษ์
►ส่วนจัดเก็บหนังสือเก่า สปร
บนชั้น
  ขอยืม
Note:ฉบับถ่ายสำเนา
4. วิทยาศาสตร์การแพทย์ และสุขภาพ
วิทยาศาสตร์การแพทย์ และสุขภาพ
สถานะ=หนังสือเก่า
QV38 ค161 ฉ.4 
  Barcode: 000283
ห้องสมุดวิทยาเขตสวรรค์ประชารักษ์
►ส่วนจัดเก็บหนังสือเก่า สปร
บนชั้น
  ขอยืม
Note:ฉบับถ่ายสำเนา

รายการใกล้เคียง
    หัวเรื่อง [ยาที่มีความเสี่ยงสูง]
    หัวเรื่อง [High alert medications]

BibComment


ยังไม่เคยถูกคอมเมนท์

คอมเมนท์ทรัพยากรรายการนี้
  คอมเมนท์: คู่มือการใช้ยา ที..


 Copyright 2026. Bcnsprnw @Library